000 00556nam a2200169Ia 4500
005 20250424120250.0
008 250424s9999 xx 000 0 und d
022 _a03318737
050 _aQ 85.4 .I58/
245 0 _aInternational journal of science and technological research
260 _aIkot Ekpene
260 _bDevelopment Universal Consortia
260 _c2011
300 _av. , 203 p. : ill. ; 25 cm.
650 _aScience--Periodicals. Technology--Periodicals. Science--Nigeria--Periodicals. Technology--Nigeria--Periodicals.
942 _cSR
999 _c38331
_d38331